000 00628nam a2200253Ia 4500
003 OSt
005 20221007103901.0
006 a|||||r|||| 00| 0
007 ta
008 221006b |||||||| |||| 00| 0 eng d
024 _a14,305
037 _cTextual
040 _aLCO
_cLCO
_beng
041 _2eng
_aeng
082 _aZ2,94, N2
100 _aAvtar Singh
245 0 _aPrinciples of The Law of Evidence
250 _a8th
260 _aAllahabad
_bCentral Law Agency India
_c1992
300 _a453
650 _aEVIDENCE
942 _hZ2,94, N2
_cTEXL
999 _c1183868
_d1183868